000 01809cam a22003737i 4500
001 data
005 20260322212118.0
008 data
035 _a22666828
906 _a7
_bcbc
_ccopycat
_d2
_encip
_f20
_gy-gencatlg
925 0 _aacquire
_b1 shelf copy
_xpolicy default
010 _a 2022304458
020 _a9781792435669
_q(pbk.)
035 _a(OCoLC)1201378955
040 _aYDX
_beng
_erda
_cYDX
_dDLC
_dOCLCO
_dOCLCF
_dOCLCO
_dDLC
042 _alccopycat
050 0 0 _aB790
_b.C856 2020
100 1 _aCardwell, Charles E.,
_eauthor.
245 1 0 _aGrowing wisdom :
_ban invitation to western philosophy /
_cCharles E. Cardwell.
250 _aSecond edition.
264 1 _aDubuque, IA :
_bKendall Hunt,
_c2020.
300 _aviii, 394 pages ;
_c24 cm
336 _atext
_btxt
_2rdacontent
337 _aunmediated
_bn
_2rdamedia
338 _avolume
_bnc
_2rdacarrier
504 _aIncludes bibliographical references (pages 365-394).
520 _a"No one is born with Wisdom - the ability to think and act with understanding and insight. Wisdom grows only in a soil rich with knowledge and experience, but knowledge and experience provide only the nutrients. Wisdom must be nurtured by curiosity and a desire for understanding. Growing wisdom takes time and effort. Great minds have graced us with records of their struggles towards wisdom. This volume enables us to stand on the shoulders of some of these giants and thereby grow our own wisdom farther -- and faster!" -- Back cover.
650 0 _aPhilosophy.
650 2 _aPhilosophy
650 6 _aPhilosophie.
650 7 _aphilosophy.
_2aat
650 7 _aPhilosophy.
_2fast
_0(OCoLC)fst01060777
999 _c1790
_d1790